[Event "Stay Safe Play From Home 296"]
[Site "Emanuel Lasker Arena"]
[Date "2020.07.12"]
[Round "4"]
[White "SoulofWolf"]
[Black "Bardellosport"]
[Result "0-1"]
[WhiteElo "2209"]
[BlackElo "2025"]
[Annotator "TA"]
[PlyCount "112"]
[EventDate "2020.07.12"]
[EventType "swiss (blitz)"]

{[%evp 12,112,36,31,44,31,38,24,27,27,29,13,37,-18,-14,-79,-78,-206,-139,-227,-231,-252,-237,-222,-210,-250,-249,-439,-454,-419,-381,-686,-665,-639,-451,-758,-453,-29994,-222,-229,-214,-261,-261,-294,-287,-280,-288,-335,-325,-255,-8,-361,-134,-140,-64,-75,-2,-127,-127,-122,-119,-133,-141,-201,0,0,0,0,0,-1206,-1112,-1747,-1726,-1609,-1544,-2025,-1768,-6207,-2635,-29970,-29972,-29972,-29973,-29978,-29980,-29980,-29981,-29981,-29977,-29977,-29978,-29979,-29980,-29980,-29981,-29985,-29986,-29986,-29987,-29989,-29990,-29990,-29990]} 1. c4 c6 2. Nf3 d5 3. d4 e6 4. cxd5 exd5 5. Nc3 f5 6. Bg5 Nf6 7. e3 Be7 {A84: Dutch Defence: 2 c4 Miscellaneous.} 8. Bd3 Ne4 9. Bf4 O-O {White has an edge.} 10. h4 {[#]} Be6 $146 ({Predecessor:} 10... Nd7 11. g3 Ndf6 12. O-O Bd6 13. Ne2 Ng4 14. Bxd6 Qxd6 15. a4 Be6 16. Nf4 a5 {½-½ (33) Slyusar,V (2287)-Rotaru,I (2274) ICCF email 2018}) 11. O-O Nd7 12. Qc2 (12. Qb3 $14) 12... Bxh4 $11 13. Nxh4 (13. Qb3 $1 $11 {remains equal.}) 13... Qxh4 $17 14. g3 (14. f3 $17 {is a better defense.} Ng3 15. Bxg3 Qxg3 16. Ne2) 14... Qe7 15. Be2 (15. f3 $17 {was necessary.}) 15... g5 $19 16. Be5 Nxe5 17. dxe5 Qg7 18. Nxe4 fxe4 ({Don't do} 18... dxe4 19. Bc4) 19. Qc3 $2 (19. Kg2 {keeps fighting.}) 19... Bh3 20. Rfd1 Rf5 21. Bf1 $2 (21. e6) 21... Bxf1 22. Rxf1 Raf8 23. Kg2 (23. e6 $142 Qe7 24. g4) 23... a6 24. Rh1 (24. Rae1 $19) 24... Qxe5 $2 (24... Rxf2+ {mates} 25. Kg1 Qf7 26. Qa3 Qf3 27. Qxf8+ Kxf8 28. Rh2 Qxg3+ {[%mdl 64] Double Attack} 29. Kh1 Rxh2#) 25. Qxe5 Rxe5 {[%mdl 4096] Endgame KRR-KRR} 26. Raf1 Ref5 27. Rh6 Kg7 28. Rd6 R5f6 29. Rd7+ R8f7 30. Rd8 c5 $2 (30... h5 $19 {Threatens to win with ...h4.} 31. b4 h4) 31. Rc8 $2 {[%mdl 8192]} (31. Rxd5 $11 {and White stays safe.} Rf5 32. Rxf5 Rxf5 33. Rd1) 31... Rc6 $2 (31... d4 $19 {has better winning chances. White must now prevent ...dxe3.} 32. Rxc5 dxe3 33. Rxg5+ Kh6) 32. Rd8 $17 {[#]} Rf5 (32... d4 $1 $17 33. exd4 cxd4 34. Rxd4 Rc2 35. Rxe4 Rxb2) 33. Rd1 c4 (33... Rb6 $17 34. g4 Rf8 35. Rd7+ Kg6) 34. R8xd5 (34. g4 $11 Re5 35. Rd7+ Kg6 36. Rxb7) 34... Rxd5 35. Rxd5 $11 {KR-KR} b5 36. Rxg5+ {[#]} Kf6 $1 {[%cal Rf6g5]} 37. Rg4 (37. Rh5 $17 {was worth a try.} Kg6 38. Rh1) 37... Kf5 $2 (37... Rd6 $19 {Hoping for ...Rd2.} 38. Rxe4 Rd2) 38. Rf4+ $1 Ke5 39. Rh4 b4 {And now ...c3 would win.} 40. Rxh7 $2 {[%mdl 8192] [#] White is now going downhill.} (40. f4+ $11 Kf5 41. g4+ (41. Rxh7 c3 $15) 41... Kg6 42. Kg3) 40... c3 $1 $19 41. bxc3 bxc3 42. Rh1 Kd5 43. Rc1 Kc4 44. g4 Kd3 45. g5 Kd2 {Black mates.} 46. Rg1 c2 47. Kg3 c1=Q 48. Rxc1 Rxc1 {KR-KP} 49. Kf4 Rf1 50. Kxe4 Rxf2 {KR-K3P} 51. g6 Rg2 52. Kf5 Kxe3 53. Kf6 Rxa2 54. g7 Rg2 55. g8=Q Rxg8 56. Kf7 Rb8 {Accuracy: White = 34%, Black = 68%.} 0-1

[Event "Stay Safe Play From Home 296"]
[Site "Emanuel Lasker Arena"]
[Date "2020.07.12"]
[Round "4"]
[White "Physikus"]
[Black "Broken sword"]
[Result "1-0"]
[WhiteElo "2041"]
[BlackElo "2490"]
[Annotator "RC"]
[PlyCount "115"]
[EventDate "2020.07.12"]
[EventType "swiss (blitz)"]

1. e4 {[%emt 0:00:03]} c5 {[%emt 0:00:01]} 2. Nf3 {[%emt 0:00:00]} e6 {[%emt 0:00:00]} 3. d4 {[%emt 0:00:00]} a6 {[%emt 0:00:00]} 4. dxc5 {[%emt 0:00:01]} Bxc5 {[%emt 0:00:01]} 5. Nc3 {[%emt 0:00:00]} Qb6 {[%emt 0:00:01]} 6. Qd2 {[%emt 0:00:02]} Nf6 {[%emt 0:00:01]} 7. Na4 {[%emt 0:00:00]} Qc6 {[%emt 0:00:02]} 8. Nxc5 {[%emt 0:00:01]} Qxc5 {[%emt 0:00:00]} 9. Bd3 {[%emt 0:00:01]} Nc6 {[%emt 0:00:01]} 10. O-O {[%emt 0:00:01]} d6 {[%emt 0:00:00]} 11. b3 {[%emt 0:00:01]} b5 {[%emt 0:00:01]} 12. Bb2 {[%emt 0:00:01]} Bb7 {[%emt 0:00:01]} 13. Rac1 {[%emt 0:00:00]} Qb6 {[%emt 0:00:01]} 14. c4 {[%emt 0:00:01]} b4 {[%emt 0:00:02]} 15. c5 {[%emt 0:00:05]} dxc5 {[%emt 0:00:01]} 16. Bxf6 {[%emt 0:00:01]} gxf6 {[%emt 0:00:01]} 17. Qf4 {[%emt 0:00:02]} Qd8 {[%emt 0:00:01]} 18. Rxc5 {[%emt 0:00:03]} Qe7 {[%emt 0:00:00]} 19. Rfc1 {[%emt 0:00:02]} Rc8 {[%emt 0:00:02]} 20. Bxa6 {[%emt 0:00:02]} Bxa6 {[%emt 0:00:06]} 21. Rxc6 {[%emt 0:00:00]} Rxc6 {[%emt 0:00:00]} 22. Rxc6 {[%emt 0:00:00]} Bb7 {[%emt 0:00:03]} 23. Qb8+ {[%emt 0:00:02]} Qd8 {[%emt 0:00:00]} 24. Qxd8+ {[%emt 0:00:09]} Kxd8 {[%emt 0:00:00]} 25. Rb6 {[%emt 0:00:01]} Kc7 {[%emt 0:00:01]} 26. Rxb4 {[%emt 0:00:01]} Rd8 {[%emt 0:00:00]} 27. h3 {[%emt 0:00:02]} Rd3 {[%emt 0:00:01]} 28. Nd4 {[%emt 0:00:02]} Rd1+ {[%emt 0:00:01]} 29. Kh2 {[%emt 0:00:01]} Rd2 {[%emt 0:00:02]} 30. Nb5+ {[%emt 0:00:02]} Kb8 {[%emt 0:00:01]} 31. f3 {[%emt 0:00:03]} f5 {[%emt 0:00:03]} 32. exf5 {[%emt 0:00:03]} e5 {[%emt 0:00:01]} 33. Kg3 {[%emt 0:00:01]} Kc8 {[%emt 0:00:02]} 34. a4 {[%emt 0:00:00]} f6 {[%emt 0:00:04]} 35. Rc4+ {[%emt 0:00:00]} Kd8 {[%emt 0:00:02]} 36. a5 {[%emt 0:00:00]} Ba6 {[%emt 0:00:01]} 37. Rc5 {[%emt 0:00:01]} Rb2 {[%emt 0:00:02]} 38. b4 {[%emt 0:00:00]} Rxb4 {[%emt 0:00:01]} 39. Rd5+ {[%emt 0:00:00]} Ke7 {[%emt 0:00:01]} 40. Nc7 {[%emt 0:00:00]} Bf1 {[%emt 0:00:02]} 41. Rd2 {[%emt 0:00:00]} Rb1 {[%emt 0:00:01]} 42. Nd5+ {[%emt 0:00:00]} Kf7 {[%emt 0:00:01]} 43. Ne3 {[%emt 0:00:00]} Ra1 {[%emt 0:00:01]} 44. Rd7+ {[%emt 0:00:00]} Ke8 {[%emt 0:00:01]} 45. Nxf1 {[%emt 0:00:00]} Kxd7 {[%emt 0:00:01]} 46. Nd2 {[%emt 0:00:00]} Rxa5 {[%emt 0:00:01]} 47. Ne4 {[%emt 0:00:00]} Ke7 {[%emt 0:00:01]} 48. h4 {[%emt 0:00:00]} Ra4 {[%emt 0:00:00]} 49. h5 {[%emt 0:00:00]} Kf7 {[%emt 0:00:00]} 50. Kf2 {[%emt 0:00:00]} Kg7 {[%emt 0:00:00]} 51. Kg3 {[%emt 0:00:00]} h6 {[%emt 0:00:00]} 52. Nxf6 {[%emt 0:00:00]} Ra1 {[%emt 0:00:00]} 53. Ne4 {[%emt 0:00:00]} Ra2 {[%emt 0:00:00]} 54. f6+ {[%emt 0:00:00]} Kf7 {[%emt 0:00:00]} 55. Kg4 {[%emt 0:00:00]} Ke6 {[%emt 0:00:01]} 56. g3 {[%emt 0:00:00]} Ra4 {[%emt 0:00:00]} 57. f4 {[%emt 0:00:00]} exf4 {[%emt 0:00:00]} 58. Kh3 {[%emt 0:00:00] Time (Lag: Av=0.39s, max=0.9s) '} 1-0

[Event "Stay Safe Play From Home 296"]
[Site "Emanuel Lasker Arena"]
[Date "2020.07.12"]
[Round "4"]
[White "Psj008"]
[Black "W Nelles"]
[Result "0-1"]
[WhiteElo "1794"]
[BlackElo "1063"]
[Annotator "NA"]
[PlyCount "70"]
[EventDate "2020.07.12"]
[EventType "swiss (blitz)"]

1. d4 {[%emt 0:00:02]} d6 {[%emt 0:00:01]} 2. c4 {[%emt 0:00:02]} Bd7 {[%emt 0:00:01]} 3. Nc3 {[%emt 0:00:01]} Nf6 {[%emt 0:00:02]} 4. e4 {[%emt 0:00:01]} e5 {[%emt 0:00:01]} 5. Nf3 {[%emt 0:00:02]} exd4 {[%emt 0:00:01]} 6. Nxd4 {[%emt 0:00:00]} Nc6 {[%emt 0:00:02]} 7. Be3 {[%emt 0:00:04]} Nxd4 {[%emt 0:00:01]} 8. Bxd4 {[%emt 0:00:00]} c5 {[%emt 0:00:01]} 9. Be3 {[%emt 0:00:02]} Qb6 {[%emt 0:00:02]} 10. Qc2 {[%emt 0:00:03]} Be7 {[%emt 0:00:03]} 11. Nd5 {[%emt 0:00:01]} Nxd5 {[%emt 0:00:02]} 12. exd5 {[%emt 0:00:00]} O-O {[%emt 0:00:03]} 13. Bd3 {[%emt 0:00:01]} g6 {[%emt 0:00:02]} 14. O-O {[%emt 0:00:01]} f5 {[%emt 0:00:02]} 15. Bh6 {[%emt 0:00:02]} Rf7 {[%emt 0:00:01]} 16. Rfe1 {[%emt 0:00:02]} Bf6 {[%emt 0:00:02]} 17. Rab1 {[%emt 0:00:04]} Re8 {[%emt 0:00:02]} 18. Be3 {[%emt 0:00:02]} Qd8 {[%emt 0:00:03]} 19. b4 {[%emt 0:00:02]} b6 {[%emt 0:00:01]} 20. bxc5 {[%emt 0:00:02]} dxc5 {[%emt 0:00:01]} 21. Bf4 {[%emt 0:00:03]} Bc8 {[%emt 0:00:02]} 22. Qd2 {[%emt 0:00:02]} Rxe1+ {[%emt 0:00:01]} 23. Rxe1 {[%emt 0:00:00]} Re7 {[%emt 0:00:02]} 24. d6 {[%emt 0:00:06]} Rxe1+ {[%emt 0:00:01]} 25. Qxe1 {[%emt 0:00:00]} Bd4 {[%emt 0:00:02]} 26. g3 {[%emt 0:00:07]} Bd7 {[%emt 0:00:01]} 27. Be3 {[%emt 0:00:03]} Qa8 {[%emt 0:00:01]} 28. Bxd4 {[%emt 0:00:02]} cxd4 {[%emt 0:00:01]} 29. Qe7 {[%emt 0:00:01]} Qf8 {[%emt 0:00:02]} 30. Qxd7 {[%emt 0:00:02]} h5 {[%emt 0:00:02]} 31. Qe7 {[%emt 0:00:01]} Qxe7 {[%emt 0:00:01]} 32. dxe7 {[%emt 0:00:00]} Kf7 {[%emt 0:00:01]} 33. Kg2 {[%emt 0:00:00]} Kxe7 {[%emt 0:00:01]} 34. Kf3 {[%emt 0:00:00]} Ke6 {[%emt 0:00:01]} 35. Kf4 {[%emt 0:00:00]} Kf6 {[%emt 0:00:01] Time (Lag: Av=0.80s, max=1.2s)} 0-1

[Event "Stay Safe Play From Home 296"]
[Site "Emanuel Lasker Arena"]
[Date "2020.07.12"]
[Round "4"]
[White "Klausen"]
[Black "Konmos"]
[Result "1-0"]
[WhiteElo "1782"]
[BlackElo "1768"]
[Annotator "NA"]
[PlyCount "65"]
[EventDate "2020.07.12"]
[EventType "swiss (blitz)"]

1. d4 {[%emt 0:00:02]} e5 {[%emt 0:00:00]} 2. dxe5 {[%emt 0:00:02]} Nc6 {[%emt 0:00:01]} 3. Nf3 {[%emt 0:00:01]} Qe7 {[%emt 0:00:01]} 4. e3 {[%emt 0:00:01]} Nxe5 {[%emt 0:00:01]} 5. Nxe5 {[%emt 0:00:01]} Qxe5 {[%emt 0:00:00]} 6. Be2 {[%emt 0:00:01]} Nf6 {[%emt 0:00:02]} 7. O-O {[%emt 0:00:01]} Bb4 {[%emt 0:00:00]} 8. c4 {[%emt 0:00:02]} O-O {[%emt 0:00:01]} 9. a3 {[%emt 0:00:01]} Be7 {[%emt 0:00:03]} 10. Nc3 {[%emt 0:00:02]} c6 {[%emt 0:00:02]} 11. Qc2 {[%emt 0:00:02]} d5 {[%emt 0:00:01]} 12. f4 {[%emt 0:00:01]} Qc7 {[%emt 0:00:02]} 13. cxd5 {[%emt 0:00:02]} cxd5 {[%emt 0:00:02]} 14. Rd1 {[%emt 0:00:02]} Rd8 {[%emt 0:00:03]} 15. Qb3 {[%emt 0:00:02]} Be6 {[%emt 0:00:04]} 16. Nb5 {[%emt 0:00:01]} Qb6 {[%emt 0:00:03]} 17. Nd4 {[%emt 0:00:02]} Qxb3 {[%emt 0:00:02]} 18. Nxb3 {[%emt 0:00:01]} Rac8 {[%emt 0:00:01]} 19. Nd4 {[%emt 0:00:02]} Bc5 {[%emt 0:00:05]} 20. Bd2 {[%emt 0:00:03]} Bxd4 {[%emt 0:00:01]} 21. exd4 {[%emt 0:00:02]} Ne4 {[%emt 0:00:01]} 22. Be1 {[%emt 0:00:02]} Rc2 {[%emt 0:00:01]} 23. Bd3 {[%emt 0:00:01]} Rxb2 {[%emt 0:00:01]} 24. Bxe4 {[%emt 0:00:01]} dxe4 {[%emt 0:00:00]} 25. Bc3 {[%emt 0:00:01]} Rc2 {[%emt 0:00:06]} 26. Rac1 {[%emt 0:00:02]} Ra2 {[%emt 0:00:04]} 27. Bb4 {[%emt 0:00:01]} b6 {[%emt 0:00:02]} 28. d5 {[%emt 0:00:02]} Bg4 {[%emt 0:00:02]} 29. Rd4 {[%emt 0:00:02]} a5 {[%emt 0:00:01]} 30. Be7 {[%emt 0:00:02]} Re8 {[%emt 0:00:03]} 31. d6 {[%emt 0:00:00]} e3 {[%emt 0:00:03]} 32. d7 {[%emt 0:00:02]} Bxd7 {[%emt 0:00:00]} 33. Rxd7 {[%emt 0:00:02] Zeit ' (Lag: Av=0.75s, max=1.2s)} 1-0

[Event "Stay Safe Play From Home 296"]
[Site "Emanuel Lasker Arena"]
[Date "2020.07.12"]
[Round "4"]
[White "Klasman"]
[Black "Buzaglo"]
[Result "0-1"]
[WhiteElo "1349"]
[BlackElo "1843"]
[Annotator "NA"]
[PlyCount "66"]
[EventDate "2020.07.12"]
[EventType "swiss (blitz)"]

1. f4 {[%emt 0:00:02]} e6 {[%emt 0:00:00]} 2. c4 {[%emt 0:00:02]} d5 {[%emt 0:00:00]} 3. cxd5 {[%emt 0:00:02]} exd5 {[%emt 0:00:00]} 4. d4 {[%emt 0:00:01]} Nf6 {[%emt 0:00:00]} 5. Nf3 {[%emt 0:00:01]} c5 {[%emt 0:00:00]} 6. e3 {[%emt 0:00:01]} cxd4 {[%emt 0:00:00]} 7. exd4 {[%emt 0:00:02]} Nc6 {[%emt 0:00:00]} 8. Bb5 {[%emt 0:00:03]} Bb4+ {[%emt 0:00:01]} 9. Bd2 {[%emt 0:00:02]} Bxd2+ {[%emt 0:00:00]} 10. Nbxd2 {[%emt 0:00:01]} Bd7 {[%emt 0:00:00]} 11. Bxc6 {[%emt 0:00:03]} Bxc6 {[%emt 0:00:01]} 12. Qe2+ {[%emt 0:00:01]} Qe7 {[%emt 0:00:01]} 13. Qxe7+ {[%emt 0:00:02]} Kxe7 {[%emt 0:00:00]} 14. O-O {[%emt 0:00:03]} Kd6 {[%emt 0:00:01]} 15. Rfe1 {[%emt 0:00:03]} Rae8 {[%emt 0:00:00]} 16. Re5 {[%emt 0:00:01]} Ne4 {[%emt 0:00:02]} 17. Re1 {[%emt 0:00:04]} Rxe5 {[%emt 0:00:02]} 18. fxe5+ {[%emt 0:00:01]} Ke6 {[%emt 0:00:01]} 19. Nxe4 {[%emt 0:00:02]} dxe4 {[%emt 0:00:00]} 20. Ng5+ {[%emt 0:00:01]} Kf5 {[%emt 0:00:01]} 21. Nxf7 {[%emt 0:00:02]} Re8 {[%emt 0:00:03]} 22. Nd6+ {[%emt 0:00:01]} Ke6 {[%emt 0:00:02]} 23. Nxe8 {[%emt 0:00:01]} Bxe8 {[%emt 0:00:00]} 24. g4 {[%emt 0:00:02]} Kd5 {[%emt 0:00:00]} 25. Kf2 {[%emt 0:00:04]} Kxd4 {[%emt 0:00:01]} 26. e6 {[%emt 0:00:01]} Ke5 {[%emt 0:00:01]} 27. e7 {[%emt 0:00:01]} Bc6 {[%emt 0:00:01]} 28. Kg3 {[%emt 0:00:04]} Ke6 {[%emt 0:00:02]} 29. e8=Q+ {[%emt 0:00:01]} Bxe8 {[%emt 0:00:01]} 30. Rxe4+ {[%emt 0:00:01]} Kf7 {[%emt 0:00:00]} 31. Rxe8 {[%emt 0:00:01]} Kxe8 {[%emt 0:00:00]} 32. Kf4 {[%emt 0:00:01]} Kf7 {[%emt 0:00:00]} 33. Ke5 {[%emt 0:00:01]} Ke7 {[%emt 0:00:02] Time (Lag: Av=0.58s, max=1.1s)} 0-1

[Event "Stay Safe Play From Home 296"]
[Site "Emanuel Lasker Arena"]
[Date "2020.07.12"]
[Round "4"]
[White "sadbat1122"]
[Black "Chase the sun"]
[Result "0-1"]
[WhiteElo "1290"]
[BlackElo "1859"]
[Annotator "NA"]
[PlyCount "42"]
[EventDate "2020.07.12"]
[EventType "swiss (blitz)"]

{- Lerch, Martin Erik} 1. e4 {[%emt 0:00:02]} e6 {[%emt 0:00:01]} 2. Nf3 {[%emt 0:00:01]} d5 {[%emt 0:00:00]} 3. e5 {[%emt 0:00:01]} c5 {[%emt 0:00:01]} 4. c3 {[%emt 0:00:01]} Nc6 {[%emt 0:00:01]} 5. d4 {[%emt 0:00:02]} Qb6 {[%emt 0:00:01]} 6. Be2 {[%emt 0:00:02]} Nh6 {[%emt 0:00:03]} 7. Bxh6 {[%emt 0:00:03]} gxh6 {[%emt 0:00:02]} 8. b3 {[%emt 0:00:02]} cxd4 {[%emt 0:00:01]} 9. cxd4 {[%emt 0:00:02]} Bb4+ {[%emt 0:00:01]} 10. Nbd2 {[%emt 0:00:02]} Nxd4 {[%emt 0:00:01]} 11. O-O {[%emt 0:00:02]} Nxe2+ {[%emt 0:00:03]} 12. Qxe2 {[%emt 0:00:02]} O-O {[%emt 0:00:01]} 13. Nh4 {[%emt 0:00:03]} Bd7 {[%emt 0:00:01]} 14. Ndf3 {[%emt 0:00:04]} Bb5 {[%emt 0:00:02]} 15. Qd1 {[%emt 0:00:15]} Bxf1 {[%emt 0:00:03]} 16. Kxf1 {[%emt 0:00:03]} Rac8 {[%emt 0:00:00]} 17. Qd3 {[%emt 0:00:04]} Qa6 {[%emt 0:00:02]} 18. Qxa6 {[%emt 0:00:02]} bxa6 {[%emt 0:00:00]} 19. g3 {[%emt 0:00:02]} f6 {[%emt 0:00:02]} 20. exf6 {[%emt 0:00:02]} Rxf6 {[%emt 0:00:00]} 21. Kg2 {[%emt 0:00:01]} Rc2 {[%emt 0:00:02] Time (Lag: Av=0.82s, max=1.1s)} 0-1

[Event "Stay Safe Play From Home 296"]
[Site "Emanuel Lasker Arena"]
[Date "2020.07.12"]
[Round "5"]
[White "Broken sword"]
[Black "Konmos"]
[Result "1-0"]
[WhiteElo "2459"]
[BlackElo "1752"]
[Annotator "TA"]
[PlyCount "77"]
[EventDate "2020.07.12"]
[EventType "swiss (blitz)"]

{[%evp 9,77,18,34,9,17,16,19,8,5,4,11,2,15,15,14,-1,-3,-5,0,-6,0,3,0,-8,-10,-33,-29,-26,-32,-49,-31,-68,-17,-19,0,0,17,0,0,0,46,16,56,47,248,192,192,189,206,198,206,157,167,156,178,153,160,129,129,121,153,157,212,190,211,207,206,202,1028,847]} 1. e4 d5 2. exd5 Nf6 3. Nf3 c6 4. d4 cxd5 5. c3 Bg4 6. Be2 {B13: Caro-Kann: Exchange Variation and Panov-Botvinnik Attack.} Bxf3 7. Bxf3 e6 8. Qb3 {The position is equal.} Qc7 {[#]} 9. Bg5 $146 ({Predecessor:} 9. g3 Nc6 10. Bf4 Qd7 11. O-O Be7 12. Nd2 O-O 13. Rfe1 a6 14. a4 Ra7 15. Qc2 {0-1 (33) Kozaczko,A-Skoczek,K (1562) Chelm Lubelski 2010}) 9... Be7 10. Bh4 Nbd7 11. Bg3 Bd6 12. Nd2 Bxg3 13. hxg3 O-O 14. O-O a6 15. Rfe1 b5 16. Nf1 Nb6 17. Ne3 Rfb8 18. a3 Nc4 19. Rad1 Qb6 20. Nc2 Na5 (20... a5 $15) 21. Qa2 $11 Ne8 22. Qb1 Nb3 23. Be2 Nd6 24. Bd3 Nc4 25. Ne3 {[%cal Bc2e3,Be3g4,Bg4f6][%mdl 32]} g6 26. Ng4 h5 $2 (26... Qd8 $14) 27. Nf6+ Kg7 28. Nd7 {[%mdl 64] [#] Double Attack} Qd6 29. Nxb8 Rxb8 30. Bc2 Nba5 31. Qc1 Nc6 32. Bb3 a5 33. Bxc4 bxc4 34. Re2 Na7 35. Rde1 Nc8 (35... Rh8 $16 36. Qg5 Nc8) 36. Qg5 Nb6 37. g4 hxg4 38. Qxg4 {[%cal Re2e6] Strongly threatening Rxe6!} Na4 $2 {[#]} (38... Nd7 39. g3 Nf6) 39. Rxe6 $1 {[%mdl 512] Accuracy: White = 78%, Black = 67%.} 1-0

[Event "Stay Safe Play From Home 296"]
[Site "Emanuel Lasker Arena"]
[Date "2020.07.12"]
[Round "5"]
[White "Mepe_Nika"]
[Black "Bardellosport"]
[Result "1-0"]
[WhiteElo "2371"]
[BlackElo "2050"]
[Annotator "TA"]
[PlyCount "67"]
[EventDate "2020.07.12"]
[EventType "swiss (blitz)"]

{[%evp 12,67,67,51,57,65,60,53,87,58,58,58,56,50,55,53,68,42,67,48,86,79,79,79,83,71,123,73,239,235,229,197,250,246,246,246,246,219,268,258,389,356,325,268,654,634,1133,1138,1087,1048,29986,29987,29988,29989,29990,29985,29984,29984]} 1. d4 d5 2. Bf4 c6 3. e3 e6 4. c4 f5 5. Nc3 Nf6 6. Nf3 Bd6 7. Qc2 Bxf4 {A84: Dutch Defence: 2 c4 Miscellaneous.} 8. exf4 O-O 9. Bd3 Ne4 {White is slightly better.} 10. Ne5 Nd7 11. O-O ({Don't play} 11. Bxe4 fxe4 12. Qd2 Nxe5 $11) 11... Nxe5 12. fxe5 Nxc3 {[#]} 13. Qxc3 $146 ({Predecessor:} 13. bxc3 b6 14. f4 Rf7 15. Rf3 Bb7 16. cxd5 cxd5 17. Rh3 Rc8 18. g4 g6 19. g5 {½-½ (28) Zier,O (2139)-Majer,D (2267) Germany 2011}) 13... Qe7 14. b4 {[%cal Bb2b4,Bb4c5,Bc5b6][%mdl 32]} Bd7 15. a4 {[%cal Ba2a4,Ba4a5][%mdl 32]} b6 16. c5 bxc5 17. bxc5 Rfb8 18. Rab1 Bc8 (18... Qd8 $142) 19. a5 a6 $2 {[#] This costs Black the game.} (19... Qc7 $16) 20. Rb6 $18 Qc7 21. Rfb1 Rxb6 (21... Rb7 {is a better defense.} 22. Qb4 Rba7) 22. cxb6 Qd7 23. Qc5 Bb7 24. Bc2 g5 25. Rb3 Rc8 (25... Kg7 {was worth a try.} 26. Rc3 Qf7) 26. Rg3 h6 27. h4 f4 $2 (27... g4 28. Rc3 Kf7) 28. Rf3 Rf8 29. hxg5 hxg5 30. Rh3 {White wants to mate with Rh8+!} Qg7 {[#]} 31. Rh7 $1 {[%mdl 512] White mates.} Qxh7 32. Bxh7+ Kxh7 33. Qe7+ Kg8 34. Qxb7 {[%mdl 64] Double Attack. Accuracy: White = 73%, Black = 42%.} 1-0

[Event "Stay Safe Play From Home 296"]
[Site "Emanuel Lasker Arena"]
[Date "2020.07.12"]
[Round "5"]
[White "Physikus"]
[Black "AChessPlayer"]
[Result "0-1"]
[WhiteElo "2072"]
[BlackElo "2461"]
[Annotator "TA"]
[PlyCount "70"]
[EventDate "2020.07.12"]
[EventType "swiss (blitz)"]

{[%evp 17,69,60,93,50,66,64,72,44,77,54,77,40,112,108,107,0,0,-44,125,133,128,131,131,114,133,9,13,-1364,-1360,-1600,-1578,-1709,-1493,-1440,-1387,-2023,-2016,-2709,-2693,-29977,-11336,-29987,-29984,-29989,-29990,-29995,-29996,-29996,-29997,-29997,-29998,-29998,-29999,-29999]} 1. e4 d6 2. d4 c5 3. Nf3 cxd4 4. Nxd4 Nf6 5. Nc3 Nc6 6. Be3 e6 7. f3 a6 8. Qd2 Bd7 9. O-O-O Be7 10. Kb1 {B80: Sicilian Scheveningen: 6 g3 and 6 Be3, including English Attack.} Nxd4 11. Bxd4 Bc6 12. h4 {White is better.} O-O 13. g4 {[#]} Nd7 $146 ({Predecessor:} 13... b5 14. Ne2 d5 15. e5 Nd7 16. f4 Bc5 17. h5 Qb6 18. g5 b4 19. Bh3 a5 {½-½ (42) Grimm,G (2007)-Sillye,K (2081) Hungary 2014}) 14. h5 Bf6 (14... h6 $1 $14) 15. Bxf6 Qxf6 16. Qxd6 (16. h6 $16) 16... Qxf3 $11 17. Bd3 (17. Bc4 $5 {[%cal Rg4g5]}) 17... e5 $2 (17... Qf6 $15) 18. Nd5 $16 Bxd5 19. exd5 Rad8 20. Rhf1 Qe3 {[#]} 21. Rde1 ({White should try} 21. Qb4 $1 $16) 21... Qc5 $1 $11 {[%cal Rc5d6]} 22. Qe7 $2 {[%mdl 8192] This costs White the game.} (22. Qxc5 $11 Nxc5 23. Rxe5) 22... Qxe7 $19 23. Rf2 Nc5 24. Rfe2 f6 25. Bc4 Rd6 26. b3 b5 27. Bd3 Nxd3 28. cxd3 Rxd5 (28... Qd7 $142 29. h6 gxh6 30. Rd2 Rxd5 31. Re3 Qxg4 32. Re1 Rc8 33. Rf1 Qd4 34. Rh1 e4 35. Rg2+ Rg5 36. Rhh2 Qxd3+ 37. Rc2 Rxc2 38. Rxc2 Rg2 39. Kb2 Qxc2+ 40. Ka3 Qd2 41. b4 Qxa2#) 29. g5 Rfd8 {Black mates.} 30. gxf6 Qxf6 31. Rf1 Qxf1+ {[%mdl 64] [#] Double Attack} 32. Kb2 Qxe2+ {[%mdl 64] Double Attack} 33. Ka3 a5 34. h6 b4+ 35. Ka4 Qxa2# {Accuracy: White = 42%, Black = 68%.} 0-1

[Event "Stay Safe Play From Home 296"]
[Site "Emanuel Lasker Arena"]
[Date "2020.07.12"]
[Round "5"]
[White "Chase the sun"]
[Black "SoulofWolf"]
[Result "0-1"]
[WhiteElo "1860"]
[BlackElo "2184"]
[Annotator "TA"]
[PlyCount "50"]
[EventDate "2020.07.12"]
[EventType "swiss (blitz)"]

{[%evp 9,50,-7,44,0,5,0,19,9,55,17,37,10,16,-95,0,-31,-25,-45,0,0,79,73,167,169,368,341,608,584,2343,2361,1504,441,426,398,954,732,666,-135,-129,-610,-618,-29999,-29993]} 1. e4 c5 2. Nc3 e6 3. f4 a6 4. Nf3 b5 5. d3 b4 (5... d5 $11) 6. Ne2 {B23: Closed Sicilian: Lines without g3.} Bb7 7. g3 Ne7 8. Bg2 {[#] The position is equal.} g6 $146 ({Predecessor:} 8... d5 9. e5 h5 10. O-O Nf5 11. h3 Nc6 12. c3 Rc8 13. Qe1 Be7 14. Bd2 a5 {1-0 (33) Kuehn,M (1957)-Magnusdottir,V (1741) Reykjavik 2016}) 9. O-O Bg7 10. c3 O-O 11. d4 (11. cxb4 $11 {remains equal.} cxb4 12. Be3) 11... Qc7 ({Black should try} 11... Bxe4 $17 12. dxc5 Qa5) 12. e5 d6 13. Qe1 Nf5 14. g4 $36 {[%mdl 2048] White is more active.} Nh6 (14... Ne7 $1 $11) 15. Qh4 $16 {And now f5 would win.} ({Much worse is} 15. cxb4 $6 cxd4 16. h3 d3 $11) 15... Nd7 (15... Qd8 $16 {was called for.}) 16. f5 $1 $18 exf5 $2 (16... Nxf5 17. gxf5 dxe5 18. dxe5 (18. Ng5 h6 $18) 18... exf5) 17. Bxh6 Bxh6 $2 (17... dxe5 18. Bxg7 Kxg7 19. gxf5 Rae8 20. f6+ Nxf6 21. Nxe5 Nd7 22. Bxb7 Qxb7) 18. Qxh6 {White wants to mate with Ng5!} dxe5 {[#]} 19. Ng5 $1 {[%csl Gg5][%cal Rh6h7]} Nf6 {[#]} 20. gxf5 (20. Rxf5 $142 $1 {[%mdl 512]} gxf5 21. Bxb7 (21. Qxf6 Bxg2 22. Kxg2 bxc3 $18) 21... bxc3 22. Bxa8 cxb2 23. Rb1 Rxa8 24. Qxf6 cxd4 25. Qxf5) 20... Bxg2 21. Kxg2 Ra7 $2 (21... exd4 22. cxd4 Rae8) 22. fxg6 fxg6 23. Ne6 $2 (23. Qxf8+ $18 Kxf8 24. Ne6+ {[%mdl 64] Double Attack} Ke7 25. Nxc7 Rxc7 26. dxe5) 23... Qc6+ $17 {[%mdl 64] Double Attack} 24. Kg3 $2 {[%mdl 8192]} (24. Kg1 $17 Qxe6 25. dxc5) 24... Qxe6 $19 25. Rf2 Ne4+ {Never resign too early! Accuracy: White = 30%, Black = 34%.} 0-1